Land pro Sekunde - Asie - Statistiken

Allgemein
  • Dieses Quiz wurde 147 mal gespielt
  • Das Durchschnittsergebnis liegt bei 19 aus 48
Antworten auf der Karte
Die Antworten werden auf der Karte rot bzw. grün angezeigt, abhängig davon wie oft sie richtig erraten wurden.
 
Antwortstatistiken
Country % Korrekt
China
92%
Iran
81%
Irak
79%
Japan
75%
Indien
73%
Mongolei
63%
Jemen
62%
Kasachstan
61%
Oman
61%
Türkei
58%
Indonesien
52%
Laos
51%
Nepal
48%
Syrien
48%
Pakistan
47%
Nordkorea
46%
Saudi-Arabien
46%
Südkorea
46%
Thailand
45%
Vietnam
43%
Bhutan
40%
Katar
39%
Israel
38%
Taiwan
37%
Afghanistan
36%
Kuwait
35%
Sri Lanka
35%
Bahrain
32%
Vereinigte Arabische Emirate
32%
Malaysia
31%
Birma
29%
Armenien
28%
Jordanien
28%
Usbekistan
26%
Georgien
25%
Philippinen
25%
Brunei
24%
Libanon
23%
Bangladesch
21%
Kambodscha
21%
Turkmenistan
20%
Kirgisistan
18%
Singapur
18%
Zypern
18%
Tadschikistan
16%
Aserbaidschan
15%
Malediven
11%
Osttimor
5%
Keine übereinstimmenden Quizze gefunden
Verteilung der Resultate
Anzahl Personen mit jedem Resultat
Perzentil nach korrekt beantworteten Fragen
Ihre Resultats-Entwicklung
Sie haben dieses Quiz noch nicht gespielt